000 00447nam a2200193Ia 4500
005 20240823045859.0
008 240823s9999||||xx |||||||||||||| ||und||
020 _a978-81-7273-452-7
041 _aENGLISH
082 _A371.9 P8
100 _aParijit Kotwal
245 0 _aSpecial education
250 _a1st
260 _c2008
_bAuthors
_aDelhi
500 _aYES
650 _aSpecial Education
_bGeneral
942 _cBK
999 _c215972
_d215972